01224nam a22001817a 450000500170000000800410001702000180005804000070007604100080008308200200009110000140011124500430012526000560016830000300022436500620025452007010031665000250101720230107122346.0230106b ||||| |||| 00| 0 eng d a9788126932740 cAL aeng 223a822.4bRAYW aRatri Ray aWilliam congreves the way of the world aNew DelhibAtlantic Publishers & Distributorsc2021 avi,93p.bHBc21.5x14.5cm. 2Generala1834b₹421.00c₹d₹495.00e15%f12-12-2022 aThe present work is a critical study of William Congreve's Play The Way of the World. It is a comedy of manners and the reader will find eminently satisfactory study of every aspect of it. It has the following features: (a) a study of the socio-political background of the time, (b) a study of the literary background, (c) the life of the author, (d) brief introduction to his other works, (e) the outline and genre of the play, (f) a scene-wise analysis, (g) the themes, (h) the characters, (i) the plot, (j) the imagery, (k) the style, (l) critical reception, (m) important passages, (n) important questions, and (o) bibliography. There are copious quotations from the text and other works too. 2DramaaEnglish Drama